00625nam a2200229Ia 4500001000600000003000900006008004100015040001300056040001300069041001300082100002000095100002900115245001900144245001800163250001100181260001100192260002800203260004900231300005500280650002900335650003100364 3910IT-RoPAU130308s9999 xx 000 0 und d aIT-RoPAU cIT-RoPAU aITALIANO aRapisarda Giusi gCodice Aut. SPICS: 2196 aDada al cinema bDadaismo (Il) a1a ed. aMILANO bFratelli Fabbri Editori c1977 [1° Ed.:1977 - Ed.Ling.Originale:1977] a"2 p. (prefazione: no ; testo: 2 [pagine: 88-89])" aSTORIA DELLE ARTI VISIVE eCodice materia Spics: 5008